000 01880nam0a2200409 i 4500
001 RU\NLR\bibl\1924495
005 20240921123658.0
010 _a9785946172660
_9500
021 _aRU
_b2012-45433
_93339
035 _a(nilc)RSL-KNO-005455853
035 _a(NLR Aleph) 001913916
090 _a3213939
_c3213939
100 _a20120627d2012 u y0rusy50 ca
101 0 _arus
102 _aRU
105 _aa |||||||||
200 1 _aЭкологический мониторинг состояния водных ресурсов в Красноярском крае
_fТ. Ф. Сибирина
_gМ-во сел. хоз-ва Рос. Федерации, Краснояр. гос. аграр. ун-т
210 _aКрасноярск
_cИзд-во Красноярского государственного аграрного университета
_d2012
215 _a126 с.
_cил.
_d21
320 _aБиблиогр.: с. 103-106 (49 назв.)
606 _aВодные объекты
_xЭкологический мониторинг
_yРоссийская Федерация
_92466545
_3RU\NLR\auth\661465254
606 1 _aВодные ресурсы
_yКрасноярский край
_92225746
_3RU\NLR\auth\661336178
606 1 _aПитьевая вода
_xКачество
_xГигиеническая оценка
_91939407
_3RU\NLR\auth\66886158
686 _aЕ082.1с,0
_2rubbk
686 _aЕ082.5(2Р54-4Кра)с,0
_2rubbk
686 _aД9(2Р54-4Кра)22,0
_2rubbk
686 _aД229(2Р54-4Кра)
686 _aР121.251.1
686 1 _aУ45(2)-51(2Р-4Кра)
700 1 _aСибирина
_bТ. Ф.
_gТатьяна Федоровна
_4070
801 0 _aRU
_bRuMoRKP
_c20120627
_grcr
801 1 _aRU
_bРГБ
_c20120627
801 2 _aRU
_bNLR
_c20120713
_grcr
942 _cBOOK
980 _aNBR